Praktikum zo všeobecnej biológie

Bibliographic Details
Main Author: Jurčina, Alfonz, 1934-2000 (Author)
Format: Book
Language:Slovak
PhysicalDescription:110, [1] s. 4°
Published: Bratislava Košice Slovenské vydavateľstvo pôdohospodárskej literatúry 1965
Series:Dočasná vysokoškolská učebnica
Subjects:

MARC

LEADER 00000nam a2200000 a 4500
001 vtls008345845
003 SK-MaSNL
005 20260302074451.0
008 240509s1965 xo 000 slo
015 |a SKSNBA1965/12-02964 
035 |a SK01SNK19650038062 
035 |a SKM000040525 
040 |a SNK  |b slo  |c SNK  |e AACR2 
041 0 |a slo 
044 |a xo  |c SK 
080 |a 573(075.8)(076.5)  |2 1981 
100 1 |a Jurčina, Alfonz,  |d 1934-2000  |4 aut  |9 39223 
245 1 0 |a Praktikum zo všeobecnej biológie  |c Alfonz Jurčina 
260 |a Bratislava  |b Slovenské vydavateľstvo pôdohospodárskej literatúry  |a Košice  |c 1965  |e Nitra  |f Západoslovenské tlačiarne 
300 |a 110, [1] s.  |c 4° 
490 1 |a Dočasná vysokoškolská učebnica  |v zv. 6/1965 
500 |a Ilustr. Lit. Fot. Schémy. Zozn. 
500 |a Vyd. VŠP Košice v Slov. vydav. pôdohosp. lit. 
563 |a 300 výtl. 
650 0 7 |a biológia všeobecná  |x cvičenia praktické  |2 SNK  |9 740144 
655 7 |a Textbooks (higher)  |2 SNKPHeng  |9 276436 
655 7 |a učebnice vysokých škôl  |2 SNKPH  |9 70191 
655 7 |a učebnice  |2 SNKPH  |9 22521 
830 0 |a Dočasná vysokoškolská učebnica  |9 279156 
852 |a Slovenská národná knižnica v Martine  |b 10000  |h SB 11814 
852 |a Slovenská národná knižnica v Martine  |b 10000  |h SB 11814 D1 
958 |a OND 
958 |a RK 
958 |a RM 
958 |a NB 
958 |a UV 
999 |c 1165140  |d 1167070 
952 |a SNK  |b SNK  |y VYP  |7 0  |p 17A0652967  |o snkSB 11814 D1  |i snkKSP 5965/65  |0 0  |1 0  |4 0  |d 2010-03-31  |l 0  |r 2026-02-24 20:46:27  |w 2026-02-24 
952 |a SNK  |b SNK  |y PREZ  |7 0  |p 17A0798313  |o snkSB 11814  |0 0  |1 0  |4 0  |d 2012-08-01  |f 1  |l 0  |r 2025-03-12 00:00:00  |w 2026-02-24